000 00654nam a2200241Ia 4500
005 20250425162207.0
008 250425s9999 xx 000 0 und d
020 _a9872073929
041 _aspa
082 _a621.4025
100 _aGUALTIERI, PABLO J.
245 0 _aMANUAL DE SOBREALIMENTACION DE MOTORES DIESEL Y NAFTEROS: TURBOCOMPRESORES
250 _a1A ED.
260 _aArgentina
_bS.E.
_c2003
260 _aS.L.
300 _a215
500 _aEN CIBGZ-FIMCP 50437
_22.00 JUN. PARA ING. MECANICA.- MHP.
650 _aMECANICA AUTOMOTRIZ
650 _aTURBO DIESEL
650 _aTURBOCOMPRESOR
942 _c01
010 _a55216
999 _c224234
_d224234